Troubleshooting and repairing computer printers

Bibliographic Details
Main Author: Bigelow, Stephen J
Format: Book
Published: New York : Windcrest/McGraw-Hill , 1992
Subjects:

MARC

LEADER 00000cam a2200000 7i4500
001 0000002249
002 000002450
005 20000330.0
020 |a 0830639349 
090 0 0 |a 681.62   |b BIG 
100 1 |a Bigelow, Stephen J 
245 1 0 |a Troubleshooting and repairing computer printers   |c Stephen J 
260 |a New York :   |b Windcrest/McGraw-Hill ,   |c 1992 
300 |a 310p. :   |b ill. ;   |c 23cm. 
650 0 0 |a Printers (Data processing systems)   |x Maintenance and repair 
999 |a 035638   |b BUKU   |c PINJAMAN   |e PERPUSTAKAAN KOMUNITI PETALING JAYA